000 01147naa a22003377a 4500
001 BR6002379
003 BR-BrBNA
005 20240918172849.0
007 ta
008 230509b bl.||||| |||| 00| 0 por d
040 _aBR-BrBNA
_bpor
_cBiblioteca Nacional de Agricultura
041 _a(Pt)
072 _aQ10; Q30; F60
_b1740
_b3575
090 _aQ10 BR6002379
100 1 _aRocha, F.
100 1 _aLiberal, O.H.T.
111 1 _a3. Seminario Brasileiro de Sementes
_cRecife, PE (Brazil)
_d14 Sep 1970
245 1 _aConservacao e embalagem de sementes de cebola [germinacao]
260 3 _aRio de Janeiro, GB (Brasil):
_c1972.
500 _aAnais do 3. Seminario Brasileiro de Sementes Rio de Janeiro, GB (Brasil): 1972. p. 326-335 (BR6002379-AM)Q10
650 _aTECNOLOGIA DE ALIMENTO
650 _aEMBALAGEM
650 _aFISIOLOGIA VEGETAL
650 _aCEBOLA
650 _aSEMENTE
650 _aGERMINACAO
650 _aCONSERVACAO
773 0 _tAnais do 3. Seminario Brasileiro de Sementes
_wQ10 BR6002379
_gRio de Janeiro, GB (Brasil), 1972. p. 326-335
909 _a202404
_bLucia
_c55
_dLucia Elande
942 _cAM
_2AGRIS
999 _c301791
_d301791